Máš nárok na život : žij, jako by ti zbýval jen rok /
Uloženo v:
| Hlavní autor: | |
|---|---|
| Další autoři: | |
| Médium: | Kniha |
| Jazyk: | Czech |
| Vydáno: |
Brno :
Kazda,
2026
|
| Vydání: | 1. vydání |
| Témata: | |
| Celkem bylo vypůjčeno: | 0x |
| Tagy: |
Žádné tagy |
| LEADER | 01838nam a2200493 i 4500 | ||
|---|---|---|---|
| 001 | 106207 | ||
| 003 | CZ PrSKC | ||
| 005 | 20260428145433.0 | ||
| 007 | ta | ||
| 008 | 260415s2026 xr a e 000 0 cze d | ||
| 020 | |a 9788076702417 |q (brožováno) : |c Kč 399.00 | ||
| 040 | |a KLG001 |b cze |e rda | ||
| 041 | 1 | |a cze |h ger | |
| 072 | 7 | |a 159.92 |x Vývojová psychologie. Individuální psychologie |2 Konspekt |9 17 | |
| 080 | |a 159.923.2 |2 MRF | ||
| 080 | |a 27-582/-587 |2 MRF | ||
| 080 | |a 316.628 |2 MRF | ||
| 080 | |a 159.923.5 |2 MRF | ||
| 080 | |a 17.02 |2 MRF | ||
| 080 | |a (035) |2 MRF | ||
| 080 | |a (0:82-4) |2 MRF | ||
| 100 | 1 | |a Reinwarth, Alexandra, |d 1973- |7 mzk2012722793 |4 aut |9 117294 | |
| 240 | 1 | 0 | |a Leben ist zu kurz für später. |l Česky |
| 245 | 1 | 0 | |a Máš nárok na život : |b žij, jako by ti zbýval jen rok / |c Alexandra Reinwarth ; překlad: Martin Richter |
| 250 | |a 1. vydání | ||
| 264 | 1 | |a Brno : |b Kazda, |c 2026 | |
| 300 | |a 231 stran : |b ilustrace ; |c 20 cm | ||
| 336 | |a text |b txt |2 rdacontent | ||
| 337 | |a bez média |b n |2 rdamedia | ||
| 338 | |a svazek |b nc |2 rdacarrier | ||
| 500 | |a Přeloženo z němčiny | ||
| 650 | 0 | 7 | |a sebepoznání |7 ph116116 |2 czenas |9 109049 |
| 650 | 0 | 7 | |a seberealizace |7 ph125451 |2 czenas |
| 650 | 0 | 7 | |a rozvoj osobnosti |7 ph194683 |2 czenas |9 2116 |
| 650 | 0 | 7 | |a životní harmonie |7 ph138147 |2 czenas |9 1510 |
| 650 | 0 | 7 | |a životní moudrost |7 ph128026 |2 czenas |9 2122 |
| 655 | 7 | |a příručky |7 fd133209 |2 czenas |9 155 | |
| 655 | 7 | |a úvahy |7 fd134000 |2 czenas |9 139 | |
| 700 | 1 | |a Richter, Martin |7 xx0218936 |4 trl |9 114220 | |
| 710 | 2 | |a Nakladatelství Kazda |7 xx0259526 |4 pbl |9 117285 | |
| 910 | |a UOG502 | ||
| 942 | |2 ddc |c KN | ||
| 999 | |d 106207 | ||
| 993 | |0 0 |1 421180106933 |2 ddc |4 0 |6 159_900000000000000 |7 0 |9 99550 |b 0 |c 106933 |d 2026-04-28 |e 0 |f DOSP |g 159.9 |h 399.00 |i Koupě |l DOSP |r 2026-04-28 |t 5 |w 2026-04-28 |y KN |z NAUCNA |n | ||